| 000 | 00560nam a22001937a 4500 | ||
|---|---|---|---|
| 003 | BUBTL | ||
| 008 | 170525b xxu||||| |||| 00| 0 eng d | ||
| 020 | _a978-981-10-2187-9 | ||
| 082 | _a677MUT | ||
| 100 |
_91218 _aMuthu,Subramanian Senthilkannan |
||
| 245 | _aTextiles and Clothing Sustainability | ||
| 260 |
_aHong Kong _bSpringer _cc2017 |
||
| 300 |
_a115p. _c21cm. |
||
| 650 | 0 |
_9909 _aTextile Engineering |
|
| 700 |
_91219 _aMuthu,Subramanian Senthilkannan |
||
| 856 |
_k0 _l0 _yDownload |
||
| 942 |
_2ddc _cBK |
||
| 999 |
_c5459 _d5459 |
||